000 00632cam a2200217 4500500
005 20260405003818.0
041 _afre
042 _adc
100 1 0 _aEnjalbert, Cédric
_eauthor
245 0 0 _a“Cosmos” : la face cachée de la Lune
260 _c2023.
500 _a61
690 _aAstrophysique
690 _aCosmos
690 _aDonna Haraway
690 _aEspace
690 _aÉtoiles
690 _aFemmes
786 0 _nPhilosophie magazine | 175 | 12 | 2023-12-01 | p. 60-60 | 1951-1787
856 4 1 _uhttps://shs.cairn.info/magazine-philosophie-magazine-2023-12-1-page-60?lang=fr&redirect-ssocas=7080
999 _c2071047
_d2071047